|
|
|
|
| LEADER |
01354nam a2200349 i 4500 |
| 001 |
37117 |
| 003 |
BD-DhAAL |
| 005 |
20200224124240.0 |
| 008 |
240220t2019 mauado b 001 0 eng d |
| 999 |
|
|
|c 41797
|d 41797
|
| 010 |
|
|
|a 2017044147
|
| 020 |
|
|
|a 9780134605180 (student edition)
|
| 020 |
|
|
|a 0134605187 (student edition)
|
| 020 |
|
|
|a 9780134709260 (instructor's review copy)
|
| 020 |
|
|
|a 0134709268 (instructor's review copy)
|
| 040 |
|
|
|a DLC
|b eng
|c DLC
|e rda
|d DLC
|d BD-DhAAL
|
| 050 |
0 |
0 |
|a QR41.2
|b .T67 2019
|
| 082 |
0 |
0 |
|a 579
|2 23
|
| 100 |
1 |
|
|a Tortora, Gerard J.,
|9 39551
|
| 245 |
1 |
0 |
|a Microbiology :
|b an introduction /
|c Gerard J. Tortora, Berdell R. Funke and Christine L. Case
|
| 250 |
|
|
|a Thirteenth edition
|
| 260 |
|
|
|a Boston :
|b Pearson,
|c c2019
|
| 300 |
|
|
|a xviii, pages 827
|b illustrations ;
|c 28 cm.
|
| 504 |
|
|
|a Includes bibliographical references and index.
|
| 526 |
|
|
|a MNS
|
| 541 |
|
|
|a Karim International
|e 37117
|
| 650 |
|
0 |
|a Microbiology.
|9 39552
|
| 700 |
1 |
|
|a Funke, Berdell R.,
|9 39553
|
| 700 |
1 |
|
|a Case, Christine L.
|d 1948-
|9 39554
|
| 852 |
|
|
|a Ayesha Abed Library
|c General Stacks
|
| 942 |
|
|
|2 ddc
|c BK
|
| 952 |
|
|
|0 0
|1 0
|2 ddc
|4 0
|6 579_000000000000000_TOR
|7 0
|9 67957
|a BRACUL
|b BRACUL
|c GEN
|d 2020-02-11
|e Karim International
|g 17200.00
|l 2
|m 7
|o 579 TOR
|p 3010037117
|q 2022-12-22
|r 2020-03-10
|s 2020-03-10
|t 1
|v 17200.00
|w 2020-02-11
|y BK
|